• 首页
  • 本馆介绍
  • 公告通知
  • 最新文献
  • 馆藏检索
  • 电子资源
  • 读者导购
  • 参考咨询
  • 我的图书馆
  • 登录
  • 详细信息显示
  • 放入我的书架
  • 预约/预借图书
  • 作者相关作品
  • 分类相关作品
  • 丛书相关作品
  • 出版社相关作品

书目信息

  • 表格格式
  • 工作单格式
  • 卡片格式
题名:
党的基层组织组织指导工作手册
    
 
作者: ;中共辽宁省委 编
分册:  
出版信息: 沈阳   白山出版社  2005
页数: 32,401页
开本: 21cm
丛书名:
单 册:
中图分类: D267-62
科图分类:
主题词: 基层组织
电子资源:
ISBN: 7-80687-286-8
000 00841nam0 2200241 450
001 002969768
005 20061105083913.10
010    @a7-80687-286-8@dCNY21.20
100    @a20050119d2005 em y0chiy0110 ea
101 0  @achi
102    @aCN@b210000
105    @ay zn 001yy
200 1  @a党的基层组织组织指导工作手册@9dang de ji ceng zu zhi zu zhi zhi dao gong zuo shou ce@f中共辽宁省委组织部编
210    @a沈阳@c白山出版社@d2005
215    @a32,401页@d21cm
330    @a本书内容有:党的基层组织的基本概念;党的基层组织设置和隶属关系;党的基层组织的选举;党的基层委员会委员的增补等。
601 02 @a中国共产党@x基层组织@x工作@j手册
601 02 @a中国共产党
606 0  @a基层组织
690    @aD267-62@v4
711 02 @a中共辽宁省委@9zhong gong liao ning sheng wei@b组织部@4编
801  0 @aCN@bNLC@c20061105
905    @a10447@dD267-62@e128
    
    党的基层组织组织指导工作手册/中共辽宁省委组织部编.-沈阳:白山出版社,2005
    32,401页;21cm
    
    
    ISBN 7-80687-286-8:CNY21.20
    本书内容有:党的基层组织的基本概念;党的基层组织设置和隶属关系;党的基层组织的选举;党的基层委员会委员的增补等。
●
相关链接 在E读中查询图书 在五车中查询图书 在当当中查询图书 在豆瓣中查询图书


正题名:党的基层组织组织指导工作手册     索取号:D267-62/128         预约/预借

序号 登录号 条形码 馆藏地/架位号 状态 备注
1 0380257   203802572   第一样本阅览室/ [索取号:D267-62/128] 在馆    
2 0380258   203802581   第一借阅区/ [索取号:D267-62/128] 在馆    
3 0380259   203802590   第一借阅区/ [索取号:D267-62/128] 在馆    
唐山师范学院图书馆 欢迎您!
大连网信软件有限公司© 版权所有